| 000 | 01858cab a2200277 4500 | ||
|---|---|---|---|
| 001 | ABS68175 | ||
| 008 | 040831n2004 000 0 eng u | ||
| 035 | _a(Sirsi) u127205 | ||
| 100 | _aAskew, J. | ||
| 245 | _aMast location debate rages | ||
| 260 | _c2004 | ||
| 490 |
_aPlanning (for the Natural and Built Environment) _v(1580) 30 July 2004, 15(1) |
||
| 520 | _aExamines the recommendations of the parliamentary All Party Mobile Group's report "Mobile phone masts: planning for the future", which looks at the planning issues surrounding mobile phone masts. Although the supporting infrastructure for mobile phone network technology is in place, mobile phone use growth has resulted in an increasing demand for base stations. The report seeks the revocation of permitted development rights for base stations, a review of the telecommunications provisions of the General Permitted Development Order, amendments to PPG8 relating to public consultation arrangements and the introduction of mandatory telecommunications plans as part of local development frameworks. It also recommends the adoption of common digital mapping techniques, a precautionary approach to mast location, increased application fees and the establishment of a national joint body involving government, the industry, local authorities and the regulator. View the report at www.apmobile.org. | ||
| 590 | _aABS | ||
| 650 | _aBASE STATIONS | ||
| 650 | _aMOBILE PHONES INDUSTRY | ||
| 650 | _aPERMITTED DEVELOPMENT RIGHTS | ||
| 650 | _aPPG8 | ||
| 650 | _aMOBILE PHONE MASTS | ||
| 650 | _aLOCAL DEVELOPMENT FRAMEWORKS | ||
| 650 | _aGENERAL PERMITTED DEVELOPMENT ORDER | ||
| 650 | _aTELECOMMUNICATIONS | ||
| 690 | _aTRANSPORT AND COMMUNICATIONS | ||
| 856 |
_uhttps://www.apmobile.org.uk/apmobile%20rpt%203.pdf _zView All Party Mobile Group report (pdf) at... |
||
| 942 | _n0 | ||
| 999 |
_c74516 _d74516 |
||